Les affiches de films cultes - Statistiques

Statistiques générales
  • Ce quiz a été pris 7 148 fois
  • Le résultat moyen est 13 sur 24
Statistiques - réponses
Par images Hint Réponse % Correct
Boite de chocolats Forrest Gump
96%
Téléphone - Maison E.T. l'extraterrestre
94%
Combat dans l'arène Gladiator
91%
Voyage temporel Retour vers le Futur
91%
Intru dans le vaisseau Alien : le huitième passager
78%
Grrrr ! T-Rex Jurassic Park
78%
Régime alimentaire spécial Le Silence des Agneaux
70%
Aspirateur à fantômes Ghostbusters
67%
Des rêves et une toupie Inception
64%
Here's Johnny ! Shining
62%
Des baleines Le Grand Bleu
57%
Guerre du Vietnam Apocalypse Now
53%
Pas des femmes en blanc Men in Black
47%
Say hello to my little friend Scarface
42%
Une histoire de démon L'Exorciste
40%
Boum dans l'espace Gravity
38%
Chapeaux melons Orange Mécanique
37%
Keyzer Söze lui-même The Usual Suspects
33%
Le temps est différent Interstellar
29%
Des petits aventuriers Les Goonies
27%
Des être venus d'ailleur Mars Attack
27%
La nature et le zen Into the Wild
26%
Les gangsters bien cool Il était une fois en Amérique
20%
Un bateau qui rock Good Morning England
9%
Aucun quiz correspondant
Distribution des résultats
% des personnes avec chaque résultat
Percentile par nombre de réponses
Votre historique - résultats
Vous n’avez pas pris ce quiz